Real Madrid Players 2025-26 - Statistics

General Stats
  • This quiz has been taken 224 times
    139 since last reset
  • The average score is 20 of 25
Answer Stats
Hint Answer % Correct
10 Kylian Mbappé
99%
7 Vinícius Júnior
96%
11 Rodrygo
93%
1 Thibaut Courtois
93%
5 Jude Bellingham
92%
8 Federico Valverde
90%
2 Dani Carvajal
89%
6 Eduardo Camavinga
89%
22 Antonio Rüdiger
85%
14 Aurélien Tchouaméni
85%
3 Éder Militão
83%
4 David Alaba
82%
13 Andriy Lunin
79%
12 Trent Alexander-Arnold
75%
20 Fran García
74%
15 Arda Güler
72%
16 Gonzalo García
71%
24 Dean Huijsen
69%
9 Endrick
69%
23 Ferland Mendy
69%
18 Álvaro Carreras
65%
19 Dani Ceballos
64%
21 Brahim Díaz
60%
17 Raúl Asencio
60%
30 Franco Mastantuono
47%
No matching quizzes found
Score Distribution
Percent of People with Each Score
Percentile by Number Answered
Your Score History
You have not taken this quiz since the last reset